[Event "38 Open Sevilla 2014"]
[Site "Sevilla (SPAIN)"]
[Date "2014.01.13"]
[Round "4.14"]
[White "MUNOZ GONZALO, David"]
[Black "MARTIN PEREZ, Javier"]
[Result "1-0"]
[WhiteElo "1857"]
[BlackElo "2051"]
[Annotator "Montecatine,R"]
[PlyCount "61"]
[EventDate "2014.01.10"]

{Javier Martín iba camino de la victoria pero un terrible detalle táctico en
la 26 destrozó su posición.} 1. Nf3 d5 2. g3 Nf6 3. Bg2 g6 4. O-O Bg7 5. d4 O-O
6. c4 c6 7. Nc3 Nbd7 8. cxd5 cxd5 9. Bf4 a6 10. Ne5 e6 11. Nxd7 ({
No es lógico facilitar el desarrollo negro} 11. Nd3) 11... Bxd7 12. Bd6 Re8 13.
Qb3 Bc6 14. Bc5 (14. Be5) 14... Nd7 $15 15. e3 Nxc5 16. dxc5 Qa5 17. Rac1 Bf8 (
17... Rec8 $17 18. Qb6 Qxb6 19. cxb6 Be8 20. a4 Rc6 21. a5 Rac8 $17) 18. Qb6
Qxb6 19. cxb6 Bb4 20. e4 (20. Rfd1) 20... Bxc3 (20... d4 $17) 21. exd5 (21.
Rxc3 d4 (21... dxe4 22. Rxc6 bxc6 23. Bxe4 Rab8 24. b7 Red8 25. Bxc6 $11) 22.
Rc5 e5 $15) 21... exd5 $2 (21... Bb5 22. Rxc3 Bxf1 23. Kxf1 Rac8 $17) 22. Rxc3
Re2 23. Rb1 Rae8 24. f4 (24. Bf1) 24... Rd2 25. a3 (25. Bf1) 25... Ree2 26. Bf1
{Diagrama #} Rxh2 $4 (26... Rxb2 $17) 27. Rxc6 $18 bxc6 28. b4 (28. b7 Rxb2 29.
b8=Q+) 28... Rhe2 29. Bxe2 Rxe2 30. Rc1 Re6 31. b7 1-0

[Event "38 Open Sevilla 2014"]
[Site "Sevilla (SPAIN)"]
[Date "2014.01.13"]
[Round "4.16"]
[White "CARRETERO ORTIZ, Francisco"]
[Black "RODRIGUEZ RODRIGUEZ, Alvaro"]
[Result "1/2-1/2"]
[WhiteElo "2251"]
[BlackElo "1968"]
[Annotator "Montecatine,R"]
[PlyCount "50"]
[EventDate "2014.01.10"]

{En la 16 Carretero pudo lograr una clara ventaja, pero una jugada después
colocó su torre en una mala casilla y tuvo que salir del lío con una variante
que condujo al empate. Así es la vida del ajedrecista.} 1. Nc3 c5 2. Nf3 Nf6 3.
e4 d6 4. d4 cxd4 5. Qxd4 a6 6. Be3 Nc6 7. Qb6 Qxb6 8. Bxb6 g6 9. O-O-O Bg7 10.
e5 dxe5 11. Nxe5 O-O (11... Be6 12. Nxc6 bxc6 $11) 12. Nxc6 bxc6 13. Bc4 $14
Bf5 14. f3 g5 (14... Rfb8) 15. g4 Bg6 (15... Be6 16. Bxe6 fxe6 17. Bd4 Nd5 18.
Bxg7 Kxg7 19. Rd3 $16) 16. Rhe1 (16. Be3 h6 17. h4 gxh4 18. Rxh4 e6 (18... Kh7
19. g5 Nh5 20. Ne2 Rfb8 21. b3 e5 22. Rdh1 $18) 19. Bxh6 Nd5 20. Bxg7 Kxg7 21.
Nxd5 $16) 16... e6 {Diagrama #} 17. Rd6 $6 (17. Be3 h6 $14) 17... Rfc8 (17...
Nd5 $11) 18. Na4 Nd5 19. Bf2 Rc7 20. Bg3 Bf8 21. Rxd5 cxd5 22. Bxc7 Rc8 23.
Bxa6 Rxc7 24. Re2 Ra7 25. Bb5 Ra5 1/2-1/2

[Event "38 Open Sevilla 2014"]
[Site "Sevilla (SPAIN)"]
[Date "2014.01.13"]
[Round "4.19"]
[White "COBA MONCADA, Jacinto"]
[Black "GOMEZ REBOLLO, Alfonso Carlos"]
[Result "0-1"]
[WhiteElo "1961"]
[BlackElo "2150"]
[Annotator "Montecatine,R"]
[PlyCount "40"]
[EventDate "2014.01.10"]

{La jugada 14 de Jacinto es de las que arruina una tarde. La desmoralización
llevó a que, en lugar de perder un peón, se quedó completamente perdido.} 1. c4
f5 2. Nc3 Nf6 3. Nf3 g6 4. g3 Bg7 5. Bg2 O-O 6. O-O d6 7. d3 e5 8. e4 Nc6 9.
Rb1 a5 10. a3 Kh8 11. Bg5 h6 12. Bxf6 Qxf6 13. Nd5 Qf7 {Diagrama #} 14. Bh3 $2
fxe4 15. Bxc8 Raxc8 16. Nh4 $2 (16. Ne1 exd3 17. Qxd3) 16... g5 $19 17. Ng2 Nd4
18. dxe4 (18. Kh1) 18... Nf3+ 19. Kh1 Qh5 20. h4 Qg4 0-1

[Event "38 Open Sevilla 2014"]
[Site "Sevilla (SPAIN)"]
[Date "2014.01.13"]
[Round "4.1"]
[White "TUROV, Maxim"]
[Black "POGORELOV, Ruslan"]
[Result "1-0"]
[WhiteElo "2586"]
[BlackElo "2377"]
[Annotator "Montecatine,R"]
[PlyCount "77"]
[EventDate "2014.01.10"]

{Tras 17.Tad1 la posición era incómoda por la presión en d6 y h6. La ruptura
21.e5 acrecentó las debilidades y el trabajo posicional de Turov fue muy
correcto.} 1. d4 Nf6 2. c4 e6 3. Nc3 Bb4 4. Qc2 O-O 5. a3 Bxc3+ 6. Qxc3 b6 7.
Bg5 Bb7 8. e3 c5 9. dxc5 bxc5 10. f3 a5 11. Bd3 d6 12. Ne2 Nbd7 13. O-O Ra6 14.
a4 h6 15. Bh4 Ne5 16. Bc2 Nc6 17. Rad1 $14 Nb4 18. Bb1 g5 19. Bf2 Nh5 20. e4
Qe7 21. e5 Rc8 22. g4 Ng7 (22... Nf4 23. Nxf4 gxf4 24. exd6 Rxd6 25. Rxd6 Qxd6
26. Qf6 $18) 23. Rxd6 Rxd6 24. exd6 Qxd6 25. Bg3 (25. Qf6 Qd2 26. Nc1 Qf4 27.
Qxf4 gxf4 28. Kg2 $16) 25... Qe7 26. Qe3 f6 (26... Ne8 27. f4 Rd8 $14) 27. f4
Qd7 28. Nc3 Qd4 29. Qxd4 cxd4 30. Nb5 $16 (30. fxg5 $5 hxg5 31. Nb5 $16) 30...
gxf4 31. Bxf4 {Diagrama #} e5 $2 (31... Rxc4 32. Nd6 Rc7 33. Bxh6 Nd5 $16) 32.
Bxh6 $18 Rxc4 33. Nd6 Rc7 34. g5 (34. Rxf6) 34... fxg5 35. Ne8 Re7 $6 (35...
Rc8 36. Nxg7 Ba6 37. Re1 d3 38. Bxg5 Kxg7 39. Rxe5 $18) 36. Nxg7 Rxg7 37. Bxg7
Kxg7 38. Rf5 d3 39. Kf2 1-0

[Event "38 Open Sevilla 2014"]
[Site "Sevilla (SPAIN)"]
[Date "2014.01.13"]
[Round "4.9"]
[White "MELERO FIDALGO, Juan De Dios"]
[Black "GUERREIRO, Nuno"]
[Result "0-1"]
[WhiteElo "2245"]
[BlackElo "2161"]
[Annotator "Montecatine,R"]
[PlyCount "122"]
[EventDate "2014.01.10"]

{Tras una lucha maniobrera se llega a la posición del diagrama. Mientras que
el negro llevará a cabo un plan: Rd6-Ac8-Re6-Cd6-Ab7 y atará al blanco a e4
logrando ventaja decisiva, el blanco no encontró un buen plan defensivo.
Probablemente Cg1-e2 o Ce1-g2 era necesario.} 1. d4 d5 2. c4 e5 3. dxe5 d4 4.
Nf3 Nc6 5. Nbd2 Nge7 6. Nb3 Nf5 7. e4 dxe3 8. Qxd8+ Nxd8 9. fxe3 $16 Be7 10. g3
h5 11. e4 Nh6 12. h3 Nc6 13. Be3 Bd7 14. a3 O-O-O 15. O-O-O Kb8 16. Bd2 Bc8 17.
Bc3 Rxd1+ 18. Kxd1 Rd8+ 19. Kc2 Bf8 20. Nc1 Be6 21. Be2 Be7 22. Nb3 g6 23. Nfd4
Bd7 24. e6 $6 (24. Bd2 Bf8 25. Nf3) 24... fxe6 25. Nxc6+ Bxc6 $11 26. Bd3 (26.
Nd2) 26... Ba4 $15 27. Rd1 Rf8 (27... Nf7 $15) 28. Bg7 $11 Rf2+ 29. Kc3 Nf7 30.
Rf1 Rxf1 31. Bxf1 Bc6 32. Bg2 Bd6 33. g4 h4 34. Kd4 (34. Nd4) 34... Bf4 35. Na5
e5+ 36. Kd3 Bd7 37. Bf6 g5 38. Nb3 b6 39. Nd2 Be6 40. Nf3 Kc8 41. Bf1 Kd7 42.
Kc3 {Diagrama #} Kd6 43. Bg2 Bc8 44. Bf1 Ke6 45. Bg7 Nd6 46. Bd3 Bb7 47. Nd2
Kf7 48. Bh6 Ke6 49. b4 $2 (49. Bg7 Bxd2+ 50. Kxd2 Nxe4+ 51. Ke1 Ng3 $17) 49...
Kf6 50. c5 $19 (50. Bf8) 50... bxc5 51. bxc5 Bxd2+ 52. Kxd2 Nxe4+ 53. Ke3 Nxc5
54. Bf1 Ne6 55. Bc4 Ng7 56. Bd3 Bd5 57. a4 a5 58. Bc2 c5 59. Bd3 Bg2 60. Kf2
Bxh3 61. Kf3 Ne6 0-1

[Event "38 Open Sevilla 2014"]
[Site "Sevilla (SPAIN)"]
[Date "2014.01.13"]
[Round "4.10"]
[White "FERNANDEZ RUIZ, Manuel Alejandro"]
[Black "GALLARDO FERNANDEZ, Cesar"]
[Result "0-1"]
[WhiteElo "2042"]
[BlackElo "2244"]
[Annotator "Montecatine,R"]
[PlyCount "99"]
[EventDate "2014.01.10"]

1. c4 Nf6 2. g3 e5 3. Bg2 c6 4. d4 d6 5. Nc3 Nbd7 6. e3 Be7 7. Nge2 O-O 8. O-O
Re8 9. b3 Bf8 10. Qc2 Rb8 11. a4 Qc7 12. Bb2 g6 13. Rac1 h5 14. d5 h4 15. b4
hxg3 16. hxg3 c5 17. Nb5 Qd8 18. bxc5 Nxc5 19. Nxa7 (19. e4) 19... Bf5 20. Qd1
Ra8 21. Nb5 Rxa4 22. Ba3 Qa5 23. Bxc5 dxc5 24. d6 (24. Re1 Bd7 $15) 24... Rb8
$6 (24... Rd8 $17) 25. Bd5 Bg4 26. f3 Bh3 (26... Nxd5 27. Qxd5 Be6 $11) 27.
Nec3 Bxf1 (27... Nxd5 28. Qxa4 Qxa4 29. Nxa4 Bxf1 30. Kxf1 Nxe3+ 31. Kf2 Nf5
$11) 28. Kxf1 $6 (28. Nxa4 Bh3 29. Nac3 Nxd5 30. Nxd5 Qd8 $14) 28... Rb4 $15
29. Qd3 Kg7 30. Ne4 (30. Rd1) 30... Rb2 $17 31. Nxf6 Kxf6 {Diagrama #} 32. Nc3
(32. Bxf7 Kxf7 33. Qd5+ Kf6 34. Nc3 Kg7 35. Qxe5+ Kg8 36. d7 Qd8 37. Ne4 $11)
32... Kg7 (32... Bxd6 33. Bxf7 Kxf7 34. Qxd6 Qd8 35. Qxe5 Qf6 $17) 33. Be4 $2 (
33. Bxf7 Kxf7 34. Qd5+ Kg7 35. Qxe5+ Kg8 36. d7 Qd8 37. Ne4 $11) 33... Rd8 $19
34. d7 Qc7 $6 (34... Qa3) 35. Rd1 Be7 36. Nb5 Qb6 (36... Qa5) 37. Qc3 Rh2 $17
38. Kg1 Rdh8 39. f4 Qe6 $2 (39... Qa6 40. Na3 Qf6 $17) 40. Qxe5+ $6 (40. d8=Q
Bxd8 41. Rxd8 $14) 40... Qxe5 {Una partida que hace recordar la viaja frase de
Tartakower: Gana la partida el que comete el penúltimo error. Fijense en la
jugada 42 y antes en la 40.} 41. fxe5 Re2 {Diagrama #} 42. Nc3 $2 (42. Rd3 $15)
42... Rxe3 $17 43. Nd5 Rxg3+ 44. Kf2 Bh4 45. Ke2 Rg5 46. Rh1 Rgh5 47. Nf4 Rxe5
48. Kf3 Bg5 49. Rd1 Rd8 50. Bxb7 0-1

[Event "38 Open Sevilla 2014"]
[Site "Sevilla (SPAIN)"]
[Date "2014.01.13"]
[Round "4.11"]
[White "SGNAOLIN, Davide"]
[Black "LILLO FERRER, Jose Maria M"]
[Result "1-0"]
[WhiteElo "2221"]
[BlackElo "2047"]
[Annotator "Montecatine,R"]
[PlyCount "87"]
[EventDate "2014.01.10"]

{Una partida con varias imprecisiones pero creo que no es lógico debilitar el
0-0 con 23...g5. Ello permitió al blanco tomar la iniciativa tras 26.h4} 1. c4
e5 2. g3 d6 3. Bg2 f5 4. Nc3 Nf6 5. d3 Be7 6. e4 c6 7. Nge2 O-O 8. O-O Na6 9.
h3 fxe4 10. dxe4 Be6 11. b3 Qa5 12. Bd2 Qc7 13. Rc1 Rad8 14. Nd5 Nxd5 15. cxd5
Bd7 16. dxc6 bxc6 17. Nc3 Qb7 18. Be3 Nc7 19. Qe2 c5 20. f4 exf4 21. Bxf4 Bc6
22. Qc4+ Kh8 23. Rfe1 {Diagrama #} g5 24. Be3 Bf6 25. Rf1 h6 26. h4 gxh4 27.
Bxh6 Bg7 $6 (27... Bd4+ 28. Kh1 Rxf1+ 29. Rxf1 h3 (29... hxg3 30. Qf7 Rd7 31.
Qg6 $16) 30. Bxh3 Bxe4+ 31. Kh2 d5) 28. Bxg7+ Kxg7 29. gxh4 $16 Qc8 30. b4 (30.
Nd5) 30... Qe6 31. Nd5 Nxd5 32. exd5 Qe3+ 33. Kh1 Rxf1+ 34. Rxf1 Bd7 35. bxc5
dxc5 36. Rf3 Qe1+ (36... Qd4) 37. Rf1 Qe3 38. Rf3 Qe1+ 39. Kh2 Qe5+ 40. Rg3+
Kh8 (40... Kf6) 41. Qxc5 (41. Qa6) 41... Kh7 42. Qxa7 Qe7 43. Qd4 Re8 44. Be4+
1-0

[Event "38 Open Sevilla 2014"]
[Site "Sevilla (SPAIN)"]
[Date "2014.01.13"]
[Round "4.13"]
[White "COIMBRA, Margarida"]
[Black "MUNOZ JORVA, Miguel Angel"]
[Result "1/2-1/2"]
[WhiteElo "2087"]
[BlackElo "1887"]
[Annotator "Montecatine,R"]
[PlyCount "60"]
[EventDate "2014.01.10"]

{Antes de la partida Miguel Ángel aspiraba a jugar correctamente y mantenerse
entre las veinte primeras mesas. Tras 22 jugadas decentes, hizo una indecente..
. Sin embargo Margarida no remató correctamente y sus errores en las jugadas
28 y 29 llevaron al reparto de puntos.} 1. e4 c5 2. c3 e6 3. d4 d5 4. exd5 exd5
5. Nf3 c4 6. Be2 Bd6 7. O-O Ne7 8. b3 cxb3 9. axb3 O-O 10. Ba3 Nbc6 11. Bxd6
Qxd6 12. Na3 a6 13. Nc2 Bg4 14. Ne3 Bh5 15. Re1 f6 16. c4 Bf7 (16... Rad8) 17.
c5 Qc7 18. Qd2 a5 19. Nc2 b6 20. b4 (20. Na3 Rab8 21. Nb5 Qd7 $14) 20... axb4
21. Nxb4 Nxb4 22. Qxb4 bxc5 23. dxc5 {Diagrama #} Nc6 $6 (23... Rxa1 24. Rxa1
Rc8 25. Rc1 Nc6) 24. Qb6 $16 Rac8 (24... Qxb6 25. cxb6 Rxa1 26. Rxa1 Rb8 27.
Bb5 Be8 28. Bxc6 Bxc6 29. Rb1 Kf7 30. Nd4 Bd7 31. f4 Ke7 32. Kf2 Kd6 33. Ke3
$14) 25. Ba6 Qxb6 26. cxb6 Rb8 27. b7 d4 28. Rec1 $2 (28. Rab1 Bd5 29. Rec1 Nd8
30. Nd2 d3 (30... Nxb7 31. Rb5 $18) (30... Bxb7 31. Rc7 $18) 31. g3 Nf7 32. Rb5
Be6 33. Rb6 Bd5 34. Rc8 $18) 28... Bd5 $2 (28... Nb4 29. Rc7 Bd5 $11) 29. Bc4
$2 (29. Rc5 Nb4 (29... Bxf3 30. gxf3 Nb4 31. Bc4+ Kh8 32. Rc7 $18) 30. Rxd5
Nxd5 31. Bc4 $18) 29... Bxc4 30. Rxc4 Nd8 (30... Nd8 31. Nxd4 Rxb7 $11) 1/2-1/2

[Event "38 Open Sevilla 2014"]
[Site "Sevilla (SPAIN)"]
[Date "2014.01.13"]
[Round "4.15"]
[White "JIMENEZ MORALES, Miguel"]
[Black "VAN HOOLANDT, Patrick"]
[Result "0-1"]
[WhiteElo "1843"]
[BlackElo "2199"]
[Annotator "Montecatine,R"]
[PlyCount "66"]
[EventDate "2014.01.10"]

{Tras el error en la jugada 23 el blanco perdió el tren del empate.} 1. d4 Nf6
2. Bg5 e6 3. Bxf6 Qxf6 4. e3 c5 5. c3 b6 6. Nf3 Nc6 7. Be2 g5 8. Nbd2 cxd4 9.
Nxd4 Nxd4 10. cxd4 Be7 11. Qa4 O-O 12. Bf3 d5 13. Rc1 Bd8 14. h4 gxh4 15. Nc4
Qe7 16. Ne5 Qe8 17. Qxe8 Rxe8 18. Bh5 Rf8 19. g3 f6 20. Nc6 hxg3 21. Rg1 (21.
fxg3 Ba6 22. Kd2 $11) 21... Kh8 22. Rxg3 Bc7 {Diagrama #} 23. Rh3 $6 (23. Ne5
Bxe5 24. dxe5 fxe5 25. Rc7 Rg8 26. Rxg8+ Kxg8 27. Bg4 Kh8 28. Re7 $11) 23... e5
24. Rh1 Bd6 25. b4 $6 (25. Kd2) 25... Bf5 26. b5 (26. Kd2) 26... a6 27. bxa6 (
27. dxe5 fxe5 28. Bf3 d4 29. exd4 e4 $17) 27... Rxa6 $19 28. Kf1 Rxa2 29. Bd1
Bd3+ 30. Ke1 exd4 31. Bb3 Re2+ 32. Kd1 dxe3 33. fxe3 Rb2 0-1

[Event "38 Open Sevilla 2014"]
[Site "Sevilla (SPAIN)"]
[Date "2014.01.13"]
[Round "4.17"]
[White "VALLBONA DOMINGO, Joan"]
[Black "URBINA PEREZ, Juan Antonio"]
[Result "1-0"]
[WhiteElo "1968"]
[BlackElo "2183"]
[Annotator "Montecatine,R"]
[PlyCount "103"]
[EventDate "2014.01.10"]

{No salió cómodo Urbina de la apertura y tampoco jugó preciso. Tras la jugada
28 queda perdido aunque alguna imprecisión blanca alarga el desenlace. Buena
victoria de Vallbona.} 1. Nf3 d5 2. c4 c6 3. g3 Nf6 4. Bg2 g6 5. b3 Bg7 6. Bb2
O-O 7. O-O Bf5 8. d3 Qc8 9. Re1 Re8 10. Nbd2 Bg4 11. Rc1 dxc4 12. bxc4 Nbd7 13.
d4 Qd8 14. h3 Bxf3 15. Nxf3 Qb6 16. Qc2 Qa6 17. Bf1 c5 18. e3 h6 19. Rb1 Rac8
20. Ba1 Nh7 21. Qb3 Rc7 22. d5 Bxa1 23. Rxa1 Qf6 24. Bg2 Qa6 25. Nd2 Nhf8 (
25... Nhf6 26. e4 e5 $14) 26. h4 h5 27. a4 $16 Qf6 28. Ne4 {Diagrama #} Qf5 $2
(28... Qb6) 29. d6 $18 Rc6 30. dxe7 (30. Qxb7 Rb6 31. Qc7 $18) 30... Rxe7 31.
Qxb7 $16 Rb6 32. Qd5 Re5 33. Qd3 Rb2 (33... Rbe6 $16) 34. Qc3 $18 Rb6 35. a5
Rb8 36. Nd6 Qf6 37. Rad1 Re6 38. Qxf6 Nxf6 39. Nb5 (39. Bh3) 39... Ra6 $16 40.
Rd6 Rxd6 41. Nxd6 Rb4 (41... Rb2 42. Bd5 Ne6 $16) 42. Ra1 $18 Ne6 43. a6 Nc7
44. Nc8 Nfe8 45. Nxa7 Rb6 46. Bb7 Nd6 47. Nb5 Ndxb5 48. cxb5 Rxb5 49. Bc6 c4
50. a7 c3 51. a8=Q+ Nxa8 52. Rxa8+ 1-0

[Event "38 Open Sevilla 2014"]
[Site "Sevilla (SPAIN)"]
[Date "2014.01.13"]
[Round "4.20"]
[White "SEVERIJNEN, Arjon"]
[Black "FERNANDEZ QUINTERO, Jose Anton"]
[Result "1-0"]
[WhiteElo "2147"]
[BlackElo "1952"]
[Annotator "Montecatine,R"]
[PlyCount "75"]
[EventDate "2014.01.10"]

{El negro quedó peor con la jugada 16 y perdido con la 17, pero el blanco
retrasó la victoria al cometer varias imprecisiones.} 1. e4 e6 2. d4 d5 3. Nc3
Nf6 4. Bg5 dxe4 5. Nxe4 Be7 6. Bxf6 gxf6 7. Nf3 f5 8. Nc3 a6 9. Qd2 b5 10. g3
Bb7 11. Bg2 Nd7 12. O-O h5 13. Rad1 Nf8 14. Ne5 Bxg2 15. Kxg2 b4 16. Ne2 h4 (
16... f6 17. Nd3 Qd5+ 18. f3 Qxa2 19. Nxb4 Qc4 20. Nd3 h4 21. Rfe1 $14) 17. Nf4
$16 {Diagrama #} Bg5 (17... Qd6) 18. Qxb4 $18 Bxf4 19. gxf4 $6 (19. Qa4+ Nd7
20. gxf4 $18) 19... Rg8+ 20. Kh1 Qd5+ 21. f3 h3 (21... Nd7 $16) 22. c4 $18 Qd6
23. Qa4+ Ke7 24. d5 Kf6 25. Qa5 Qb6 26. Qc3 Ke7 27. c5 (27. Nc6+ Kd7 28. Qf6)
27... Qb5 28. Nc6+ Ke8 29. Nd4 (29. Qf6) 29... Qb7 30. Nxf5 Rb8 31. Qf6 exf5
32. Rfe1+ Ne6 33. Rxe6+ fxe6 34. Qxe6+ Kf8 35. Qf6+ Ke8 36. Re1+ Kd7 37. c6+
Kc8 38. Qe6+ 1-0

[Event "38 Open Sevilla 2014"]
[Site "Sevilla (SPAIN)"]
[Date "2014.01.13"]
[Round "4.3"]
[White "MATAMOROS FRANCO, Carlos S"]
[Black "PADEIRO, Jose"]
[Result "1-0"]
[WhiteElo "2531"]
[BlackElo "2337"]
[Annotator "Montecatine,R"]
[PlyCount "95"]
[EventDate "2014.01.10"]

{Observen la posición del diagrama. La tentación es ganar espacio con 17.f4.
En lugar de eso, Matamoros mejora continuamente la posición de sus piezas sin
debilitar nada. Tras algo de presión, la posición negra se derrumba.} 1. c4 c6
2. e4 e5 3. Nf3 d6 4. d4 Qc7 5. Nc3 Bg4 6. Be3 Nf6 7. h3 Bxf3 8. Qxf3 Be7 9. g3
a6 10. Bg2 b5 11. c5 exd4 (11... dxc5 12. dxe5 Qxe5 13. Qe2 $11) 12. cxd6 Bxd6
13. Bxd4 Be5 (13... Nbd7) 14. Bxe5 Qxe5 15. O-O O-O 16. Qe3 $16 b4 {Diagrama #}
17. Na4 Nbd7 18. Rac1 Rac8 19. Rfd1 Rfe8 20. b3 Re7 21. Rc4 Qb8 22. Qd4 a5 23.
Qd6 Re6 $6 (23... Qxd6 24. Rxd6 c5 $16) 24. Qxb8 Rxb8 25. f4 $18 Nf8 26. e5 Nd5
27. Bxd5 cxd5 28. Rxd5 Ra6 29. Rcc5 Rba8 30. Kf2 g6 31. Ke3 h5 32. Rc4 Rb8 33.
Kd3 Kg7 34. g4 hxg4 35. hxg4 Re8 36. Nc5 Ra7 37. f5 Nh7 38. Ne4 a4 39. Rxb4
axb3 40. axb3 Ra1 41. Ke2 Rea8 42. Rb7 R8a2+ 43. Rd2 Ra5 44. e6 gxf5 45. Rxf7+
Kg6 46. gxf5+ Rxf5 47. Rxf5 Kxf5 48. e7 1-0

[Event "38 Open Sevilla 2014"]
[Site "Sevilla (SPAIN)"]
[Date "2014.01.13"]
[Round "4.6"]
[White "LILLO CASTANY, Victor"]
[Black "DUCARMON, Quinten"]
[Result "0-1"]
[WhiteElo "2315"]
[BlackElo "2456"]
[Annotator "Montecatine,R"]
[PlyCount "54"]
[EventDate "2014.01.10"]

{Siciliana, enroques opuestos y ataques mutuos. No es la perdedora, pero
cuando el blanco decidió el 0-0-0 ya tenía un peón en a3 mientras que el negro
hizo 0-0 con suspeones inmaculados. Total, que el negro llegó antes a romper
en b4, tomó la iniciativa y ganó.} 1. e4 c5 2. Nf3 e6 3. d4 cxd4 4. Nxd4 Nc6 5.
Nc3 Qc7 6. f4 a6 7. Nxc6 Qxc6 8. Bd3 b5 9. Qe2 Bb7 10. Bd2 Bc5 11. a3 Ne7 12.
O-O-O (12. Be3 $11) 12... O-O 13. Kb1 Rac8 14. g4 Qb6 15. g5 Bd4 16. Qe1 Rfe8
17. Rf1 (17. Ne2 Bf2 18. Qf1 d5 19. e5 $11) 17... b4 $15 18. Na4 (18. axb4 Qxb4
19. Rc1 d5 $15) 18... Qc6 19. b3 bxa3 20. Qh4 (20. Bc1 d5 21. e5 Ba7 22. Bxa3
d4 23. Bxe7 Rxe7 24. Nb2) 20... a5 $17 {Diagrama #} 21. f5 (21. c3 Ba7 22. Ka2
$17) 21... Ba6 $19 22. c4 (22. Qh3 exf5 23. exf5 Nd5 $17) 22... Rb8 23. Ka2
Qxa4 (23... Rxb3 24. Kxb3 Bxc4+ 25. Bxc4 Rb8+ 26. Kxa3 Bc5+ $17) 24. bxa4 (24.
Rb1 Rxb3 25. Rxb3 Bxc4 26. Bxc4 Qxc4 27. Rc1 Qe2 $19) 24... Rb2+ 25. Kxa3 Reb8
26. Bc2 Bc5+ 27. Bb4 R8xb4 0-1

[Event "39 Open Sevilla 2014"]
[Site "Sevilla (SPAIN)"]
[Date "2014.01.14"]
[Round "5.8"]
[White "MORAIS, Vitor"]
[Black "MONTERO MELENDEZ, Rafael"]
[Result "0-1"]
[WhiteElo "2035"]
[BlackElo "2350"]
[Annotator "Montecatine,R"]
[PlyCount "64"]
[EventDate "2014.01.10"]

1. Nf3 {Un detalle sobre estructuras de peones es suficiente para explicar lo
sucedido en la partida.} Nf6 2. g3 b6 3. Bg2 Bb7 4. O-O c5 5. d3 d5 6. Nbd2 g6
7. c4 d4 8. Rb1 Nbd7 9. a3 Bg7 10. b4 O-O 11. Nb3 Bc6 12. b5 Bb7 13. a4 e5 14.
Bd2 Re8 15. a5 Rc8 16. e4 dxe3 {Diagrama #} 17. fxe3 ({mejor} 17. Bxe3 e4 18.
Nfd2 Ba8 19. Nxe4 Nxe4 20. dxe4 Bxe4 21. Bxe4 Rxe4 22. Qc2 $11) 17... e4 {
la misma ruptura que con 17.Axe3 pero quedando el blanco con un peón "e" débil}
18. Ng5 (18. dxe4 Bxe4 19. Rc1 Bd3 20. Re1 Ne4 $17) 18... h6 ({aún mejor} 18...
Ne5) 19. Nxe4 Nxe4 20. dxe4 Bxe4 21. Bxe4 Rxe4 {Una nítida ventaja posicional}
22. Qc2 Qe7 23. Rf4 Re8 24. Rbf1 f5 25. Qd3 Nf6 $17 (25... Ne5 26. Qd5+ Qe6 27.
Rxe4 fxe4 28. Qxe4 (28. Rc1 Qxd5 29. cxd5 Rd8 $19) 28... Qxc4 29. Qxc4+ Nxc4
$19) 26. Bc1 h5 27. Rd1 (27. Rxe4 Nxe4 28. Qd5+ Kh7 29. Qc6 h4 $17) 27... Re6
28. axb6 axb6 29. Rff1 h4 30. Rf2 (30. gxh4 Ne4) 30... Qb7 31. Rf4 hxg3 32.
hxg3 Bh6 0-1

[Event "39 Open Sevilla 2014"]
[Site "Sevilla (SPAIN)"]
[Date "2014.01.14"]
[Round "5.6"]
[White "SIMONIAN, Tigran"]
[Black "CONGIU, Mathilde"]
[Result "0-1"]
[WhiteElo "2412"]
[BlackElo "2226"]
[Annotator "Montecatine,R"]
[PlyCount "63"]
[EventDate "2014.01.10"]

{Una partida intensa pero con muchos errores. Podría resumirse en que el
blanco tuvo mucha o poca ventaja en la 17, 24 y 25, y el negro en la 18, 24 y
27. ?Hace falta explicar más? Si, que ganó quién tuvo la última ventaja.....} 
1. d4 Nf6 2. c4 g6 3. Nc3 Bg7 4. e4 d6 5. h3 O-O 6. Bg5 Qe8 7. Bd3 e5 8. d5 Nh5
9. Nge2 f6 10. Be3 f5 11. exf5 (11. f3 f4 12. Bf2) 11... gxf5 12. g4 (12. Qb1
$5) 12... Nf4 (12... fxg4 $2 13. hxg4 Bxg4 14. Qc2 $18) 13. gxf5 (13. Bxf5 Bxf5
14. gxf5 Na6 15. Rg1 $16) 13... Ng2+ (13... Nxd3+ 14. Qxd3 Bxf5 $11) 14. Kd2
Bxf5 15. Bxf5 Rxf5 16. Ne4 Qf7 $2 (16... Nd7) 17. N2g3 $18 Rf3 {Diagrama #} 18.
Ng5 $4 (18. Rg1 Nxe3 19. fxe3 Nd7 20. Ng5 $18) 18... Rxf2+ $19 19. Bxf2 Qxf2+
20. Qe2 Qf4+ $2 (20... Qxg3 21. Ne4 Bh6+ 22. Kc2 Ne3+ $19) 21. Kc2 $11 Ne3+ (
21... Qxg3 22. Rag1 Nf4 23. Qe4 Qh4 (23... Qf2+ 24. Kb1 Ng6 25. Qg4 Qf6 26.
Qc8+ Bf8 27. Qxb7 $18) 24. Rg4 Qh5 25. Rxf4 $18) 22. Kb3 Qxg3 23. Rag1 {
Diagrama #} Ng2+ $6 (23... Nf5+ 24. Ka4 (24. Rxg3 Nd4+ 25. Ka3 Nxe2 $11) 24...
Qh4 $11) 24. Ka4 $6 (24. Kc2 Qxg5 25. Rxg2 Qf5+ 26. Kb3 $16) 24... b5+ $6 (
24... Nf4 25. Qe4 Qd3 26. Qxd3 Nxd3 27. Ne6 Nc5+ 28. Nxc5 dxc5 $15) 25. Kxb5
$14 a6+ 26. Ka5 $6 (26. Ka4 $14) 26... Qxg5 27. Rxg2 Qd8 $15 28. Rhg1 c5+ 29.
Ka4 Ra7 30. Qd2 $6 (30. Kb3 $15) 30... Rb7 31. Ka3 Kh8 32. b4 $2 (32. Qc3 Rf7
33. b3 Nd7 $17) (32. b4 Rxb4 33. Qxb4 cxb4+ 34. Kxb4 Bf6 $19) 0-1

[Event "39 Open Sevilla 2014"]
[Site "Sevilla (SPAIN)"]
[Date "2014.01.14"]
[Round "5.7"]
[White "POGORELOV, Ruslan"]
[Black "MUNOZ GONZALO, David"]
[Result "1/2-1/2"]
[WhiteElo "2377"]
[BlackElo "1857"]
[Annotator "Montecatine,R"]
[PlyCount "62"]
[EventDate "2014.01.10"]

{Ruslan perdió la ocasión de tomar la iniciativa en la jugada 16. Después tuvo
que jugar con cuidado para no perder ante un sorprendente David Muñoz} 1. Nf3
g6 2. c4 Bg7 3. d4 Nf6 4. Nc3 d5 5. cxd5 Nxd5 6. e4 Nxc3 7. bxc3 c5 8. Rb1 O-O
9. Be2 Nc6 10. d5 Bxc3+ 11. Bd2 Bxd2+ 12. Qxd2 Na5 13. h4 Bg4 14. h5 Bxf3 (
14... Bxh5 $2 15. g4 $18) 15. gxf3 e5 (15... e6 $5) 16. hxg6 fxg6 17. Qc3 (17.
d6 $14) 17... Re8 $11 18. Qxc5 b6 19. Qe3 Rc8 20. f4 Qf6 (20... exf4 21. Qxf4
Nc4 $11) 21. Qh3 Rc7 22. fxe5 (22. f5 $5) 22... Qxe5 23. f3 Nb7 24. Qh2 Qe7 25.
Bb5 Rec8 26. Bc6 (26. O-O) 26... Qc5 $15 27. Qf2 (27. Qe2) 27... Qc3+ $17 28.
Kf1 {Diagrama #} Nd8 (28... Nc5) 29. Bb5 Qe5 (29... Qa3 $15) 30. Re1 Rc1 31.
Kg2 Qg5+ 1/2-1/2